000 00505cam a2200205ua 4500
001 9676
005 20260515114517.0
008 160317n ii |||gr||||Z||||||eng
020 _a9789384303549
040 _cMAIN
041 _aeng
082 _a338.7
100 _aBarua, Jagatjyoti,
_eAuthor.
245 1 _aBusiness economics
_cby Jagatjyoti Barua
250 _a2nd rev. & enl. ed.
260 _aDibrugarh:
_bMahaveer publications,
_c2016.
300 _a256p.
653 _aProduction
942 _cBK
999 _c8686
_d8686